000 00270nam a22001337a 4500
020 _a13-978-93-5103-101-7
082 _a823
_bSMA/M
100 _aSHAKESPEARE
245 _aMACBETH
300 _a48
650 _aENGLISH SHORT STORY
700 _aSHAKESEARE
942 _cBK
999 _c3149
_d3149